El agente secreto número uno /

Frederick Frost (1892-1944) es uno de los seudónimos literarios de Frederick Schiller Faust, creador del Dr. Kildare, Destry, y muchos otros personajes populares de ficción tanto de la literatura como de los medios de comunción. Faust escribió para una amplia variedad de públicos y en diferentes gén...

Повний опис

Збережено в:
Бібліографічні деталі
Автор: Frost, Frederick (autor)
Формат: Книга
Мова:Іспанська
Серія:(Las Novelas de la Palma)
Предмети:
Теги: Додати тег
Немає тегів, Будьте першим, хто поставить тег для цього запису!

MARC

LEADER 00000nam^a2200000^a^4500
001 000159298
005 20250521000000.0
009 20260310100644.876
037 |a Acervo ITESO - Biblioteca 
041 |a ESP 
082 |a 813.  |b FRO 
100 |a Frost, Frederick  |e (autor) 
245 1 3 |a El agente secreto número uno /  |c F. Frost ; tr. por D. Martínez Sagreda. 
264 |a Barcelona, España :  |b Maucci,  |c fecha no identificada 
300 |a 160 p. 
336 |a texto  |b txt  |2 rdacontenido 
337 |a sin mediación  |b n  |2 rdamedio 
338 |a volumen  |b nc  |2 rdasoporte 
440 5 |a (Las Novelas de la Palma) 
500 |a Traducción de: Secret Agent Number One 
520 |a Frederick Frost (1892-1944) es uno de los seudónimos literarios de Frederick Schiller Faust, creador del Dr. Kildare, Destry, y muchos otros personajes populares de ficción tanto de la literatura como de los medios de comunción. Faust escribió para una amplia variedad de públicos y en diferentes géneros. Su enorme producción se estima aproximadamente en 30 millones de palabras o el equivalente de 530 libros que abordaron todos los campos literarios: crimen, fantasía, romance, historia, espionaje, westerns, ciencia-ficción, aventura, historia de animales, amor, guerra, negocios, medicina y el campo de la moda. Ocho películas se han basado en su trabajo, además de tres series para televisión, programas de radio y un musical. También publicó cuatro volúmenes de poesía. Nació en Seattle en 1892 y fue huérfano muy temprano. Faust creció en la zona rural del Valle de San Joaquín, California. En la Universidad de Berkeley se convirtió en un estudiante rebelde e inquieto por la literatura. Se embarcó en una serie de aventuras culminando en Nueva York, donde, después de un período de escasez, recibió simultáneamente el reconocimiento como poeta serio y como escritor de prosa popular. Viajó mucho y vivió en Nueva York, luego en Florencia, Italia y finalmente en los Angeles. Una vez que los Estados Unidos entró a la Segunda Guerra Mundial, Faust abandonó su carrera de escritor y guionista para servir como corresponsal de guerra con la infantería norteamericana en Italia, a pesar de sus 51 años y sus problemas del corazón. Murió durante un ataque de la armada alemana en 1944. Faust tuvo un promedio de un libro nuevo cada cuatro meses a lo largo de 75 años. Algunos de los seudónimos con los que firmaba sus obras fueron Frank Austin, George Owen Baxter, Walter C. Butler, George Challis, Evan Evans, John Frederick y Max Brand, éste último es el más famoso. 
649 |a XX 
650 |a Novela Norteamericana 
650 |a Literatura Norteamericana -  |y Siglo XX 
910 |a Fondo Salvador Reynoso Reynoso 
920 |a Impresos - Libros 
930 |a Fondos Especiales 
940 |a Literatura 
905 |a 112 
901 |a 0500090314  |b IT2  |c ESP  |u 20250521 
902 |a https://opac.biblio.iteso.mx/vufind/Record/000159298